Tactical pilotage chart, TPC. K-3A, Niger, Nigeria.

Bibliographic Details
Corporate Author: United States. National Imagery and Mapping Agency
Format: Government Document Map
Language:English
Published: [Bethesda, Md.] : The Agency ; [1997]
Edition:Ed. 1.
Subjects:

MARC

Tag First Indicator Second Indicator Subfields
LEADER 00000cem a2200000 a 4500
001 in00001402769
005 20151020052150.0
007 aj canzn
008 970820s1997 mduabcgcc a f 0 eng d
010 |a gp 97067326  
034 1 |a a  |b 500000  |d E0070000  |e E0130000  |f N0160000  |g N0120000 
035 |a (OCoLC)37500613 
035 |9 AHM2883AM 
037 |a NSN 7641-01-441-5267  |b DOD 
037 |a TPCXXK 03 A  |b NIMA 
040 |a GPO  |c GPO  |d DLC  |d MvI  |d UtOrBLW 
052 |a 8771 
052 |a 8841 
074 |a 0378-E-05 
086 0 |a D 5.354:TPC K-3 A/997 
110 1 |a United States.  |b National Imagery and Mapping Agency. 
245 1 0 |a Tactical pilotage chart, TPC.  |n K-3A,  |p Niger, Nigeria. 
246 3 0 |a Niger, Nigeria 
246 2 |a TPC, Niger, Nigeria 
250 |a Ed. 1. 
255 |a Scale 1:500,000 ;  |b Lambert conformal conic proj., standard parallels 9⁰20ʹ and 14⁰40ʹ  |c (E 7⁰--E 13⁰/N 16⁰--N 12⁰). 
264 1 |a [Bethesda, Md.] :  |b The Agency ;  |c [1997] 
264 2 |a Riverdale, MD :  |b NOAA Distribution Branch (N/ACC3), National Ocean Service [distributor], 
300 |a 1 map :  |b color ;  |c 94 x 134 cm., on sheet 106 x 146 cm., folded to 27 x 37 cm. 
336 |a cartographic image  |b cri  |2 rdacontent 
337 |a unmediated  |b n  |2 rdamedia 
338 |a sheet  |b nb  |2 rdacarrier 
500 |a Relief shown by contours, shading, tints, and spot heights. 
500 |a "Air information current through 9 January 1997." 
500 |a "Compiled February 1996." 
500 |a "Printed by NIMA 7-97." 
500 |a "Copyright 1997 by the United States Government. No copyright claimed under Title 17 U.S.C." 
500 |a Includes elevation tints and interchart relationship diagrams. 
500 |a Cartographic material. 
650 0 |a Aeronautical charts  |z Niger. 
650 0 |a Aeronautical charts  |z Nigeria. 
999 |a MARS 
999 f f |s 12456c3a-fd0d-3b9e-a313-094049af94be  |i fb4b5d64-15ea-3a19-88e9-2005edc217c3  |t 0 
952 f f |p normal  |a Texas A&M University  |b College Station  |c Sterling C. Evans Library  |d Evans: Maps (2nd floor)  |t 0  |e G3201.P6 s500.U5D4 TPC K-3A  |h Library of Congress classification  |i unmediated -- sheet  |m A14823017552 
998 f f |a G3201.P6 s500.U5D4 TPC K-3A  |t 0  |l Evans: Maps (2nd floor)